[Event "Spilimbergo op 21st"]
[Site "Spilimbergo"]
[Date "2023.08.09"]
[Round "1"]
[White "Cafasso, Elia"]
[Black "Kollars, Dmitrij"]
[Result "0-1"]
[WhiteElo "2169"]
[BlackElo "2628"]
[PlyCount "84"]
[EventDate "2023.08.09"]
[EventType "swiss"]
[EventRounds "9"]
[EventCountry "ITA"]
[SourceTitle "CBM 215 Extra"]
[Source "ChessBase"]
[SourceDate "2023.09.30"]
[SourceVersion "1"]
[SourceVersionDate "2023.09.30"]
[SourceQuality "1"]

1. e4 e5 2. Nf3 Nc6 3. Bb5 a6 4. Ba4 Nf6 5. 0-0 Bc5 6. c3 b5 7. Bb3 d6 8. h3 0-0 9. Re1 Bb6 10. d3 Ne7 11. Nbd2 Ng6 12. Nf1 h6 13. Ng3 Be6 14. d4 Re8 15. Be3 exd4 16. Bxd4 Bxb3 17. axb3 c5 18. Bxf6 Qxf6 19. Nh5 Qe6 20. Qd5 Ne7 21. Qxe6 fxe6 22. c4 Nc6 23. Red1 Nd4 24. Nxd4 cxd4 25. Nf4 Kf7 26. Ne2 e5 27. Nc1 Rec8 28. cxb5 axb5 29. Rxa8 Rxa8 30. Nd3 Ke6 31. Rc1 Kd7 32. Kf1 Bd8 33. Ke2 Bg5 34. Rd1 Rc8 35. Nb4 Bc1 36. Nd3 Rc2+ 37. Kf1 Bxb2 38. Ne1 Rc3 39. Rd3 Rc1 40. Ke2 Rc8 41. Rg3 g5 42. h4 Bc1 0-1

[Event "Bodensee op"]
[Site "Bregenz"]
[Date "2023.05.18"]
[Round "6"]
[White "Cafasso, Elia"]
[Black "Anwesh, Upadhyaya"]
[Result "0-1"]
[WhiteElo "2151"]
[BlackElo "2340"]
[PlyCount "66"]
[EventDate "2023.05.13"]
[EventType "swiss"]
[EventRounds "9"]
[EventCountry "AUT"]
[SourceTitle "CBM 215 Extra"]
[Source "ChessBase"]
[SourceDate "2023.09.30"]
[SourceVersion "1"]
[SourceVersionDate "2023.09.30"]
[SourceQuality "1"]

1. e4 e5 2. Nf3 Nc6 3. Bb5 a6 4. Ba4 Nf6 5. 0-0 b5 6. Bb3 Be7 7. Re1 0-0 8. h3 Bb7 9. d3 d6 10. c3 Nd7 11. Nbd2 Bf6 12. Nf1 Nc5 13. Bc2 Ne6 14. Ne3 g6 15. Nd5 Bg7 16. Be3 Nb8 17. a4 Nd7 18. d4 c6 19. Nb4 exd4 20. cxd4 c5 21. d5 Nc7 22. Nc6 Bxc6 23. dxc6 Ne5 24. Nxe5 Bxe5 25. Bh6 Re8 26. Qg4 Ne6 27. Rad1 Nd4 28. Bb1 Nxc6 29. h4 Qf6 30. Kh1 Qxf2 31. Rf1 Qg3 32. Qxg3 Bxg3 33. Rf3 Be5 0-1

[Event "Bodensee op"]
[Site "Bregenz"]
[Date "2023.05.13"]
[Round "1"]
[White "O'Dwyer, Fergal"]
[Black "Cafasso, Elia"]
[Result "0-1"]
[WhiteElo "1927"]
[BlackElo "2151"]
[PlyCount "84"]
[EventDate "2023.05.13"]
[EventType "swiss"]
[EventRounds "9"]
[EventCountry "AUT"]
[SourceTitle "CBM 215 Extra"]
[Source "ChessBase"]
[SourceDate "2023.09.30"]
[SourceVersion "1"]
[SourceVersionDate "2023.09.30"]
[SourceQuality "1"]

1. e4 e5 2. Nf3 Nc6 3. Bb5 a6 4. Ba4 Nf6 5. 0-0 Be7 6. Re1 b5 7. Bb3 0-0 8. c3 d6 9. h3 Na5 10. Bc2 c5 11. d3 Re8 12. Nbd2 Bf8 13. Nf1 g6 14. Ng3 Bg7 15. d4 cxd4 16. cxd4 Nc6 17. Be3 Bd7 18. Rc1 a5 19. d5 Nb4 20. Bb1 a4 21. Qd2 Na6 22. a3 Qe7 23. Rc3 Reb8 24. Rec1 b4 25. axb4 Nxb4 26. Ne1 Rb7 27. Rc7 Rxc7 28. Rxc7 Na6 29. Rb7 Qd8 30. Nd3 h5 31. Nb4 Nc5 32. Bxc5 dxc5 33. Rxd7 Nxd7 34. Nc6 Qc7 35. Bd3 Qb6 36. Bc4 Kh7 37. Nxh5 gxh5 38. Qg5 Nf6 39. Qf5+ Kg8 40. Ne7+ Kf8 41. Qxe5 Nxe4 42. Qxe4 Re8 0-1

[Event "AUT-chT2W 2223"]
[Site "Austria"]
[Date "2023.04.21"]
[Round "9.3"]
[White "Besner, Bernhard"]
[Black "Cafasso, Elia"]
[Result "0-1"]
[WhiteElo "2135"]
[BlackElo "2024"]
[PlyCount "52"]
[EventDate "2022.09.23"]
[EventType "team-tourn"]
[EventRounds "11"]
[EventCountry "AUT"]
[SourceTitle "EXT 2024"]
[Source "ChessBase"]
[SourceDate "2023.10.10"]
[SourceVersion "1"]
[SourceVersionDate "2023.10.10"]
[SourceQuality "1"]
[WhiteTeam "Salzburg ASK"]
[BlackTeam "Dornbirn"]
[WhiteTeamCountry "AUT"]
[BlackTeamCountry "AUT"]

1. e4 e5 2. Nf3 Nc6 3. Bc4 Bc5 4. c3 Nf6 5. d4 exd4 6. e5 d5 7. Bb5 Ne4 8. cxd4 Bb4+ 9. Bd2 Bxd2+ 10. Nbxd2 0-0 11. Bxc6 bxc6 12. Rc1 Rb8 13. b3 Ba6 14. Rxc6 Bb5 15. Rc1 f6 16. Qc2 fxe5 17. dxe5 Qd7 18. a4 Nxd2 19. Nxd2 Rbe8 20. Nf3 Rxf3 21. gxf3 Rxe5+ 22. Kd1 Qh3 23. Qc3 d4 24. Qxd4 Qxf3+ 25. Kc2 Re2+ 26. Kb1 Qxb3+ 0-1

[Event "AUT-chT2W 2223"]
[Site "Austria"]
[Date "2022.11.13"]
[Round "5.3"]
[White "Cafasso, Elia"]
[Black "Hinterreiter, Markus"]
[Result "0-1"]
[WhiteElo "2024"]
[BlackElo "2176"]
[PlyCount "106"]
[EventDate "2022.09.23"]
[EventType "team-tourn"]
[EventRounds "11"]
[EventCountry "AUT"]
[SourceTitle "CBM 213 Extra"]
[Source "ChessBase"]
[SourceDate "2023.05.31"]
[SourceVersion "1"]
[SourceVersionDate "2023.05.31"]
[SourceQuality "1"]
[WhiteTeam "Dornbirn"]
[BlackTeam "Salzburg Royal"]
[WhiteTeamCountry "AUT"]
[BlackTeamCountry "AUT"]

1. e4 c5 2. Nf3 d6 3. d4 cxd4 4. Nxd4 Nf6 5. Nc3 a6 6. Be3 e5 7. Nb3 Be7 8. f3 Be6 9. Qd2 h5 10. 0-0-0 Nbd7 11. Kb1 Rc8 12. Bd3 b5 13. h3 h4 14. Rhe1 Qc7 15. Nc1 Nb6 16. f4 Nc4 17. Bxc4 Qxc4 18. Qd3 b4 19. Nd5 Bxd5 20. exd5 exf4 21. Bd4 Kf8 22. b3 Qxd3 23. Rxd3 Rh5 24. Bxf6 Bxf6 25. Re4 a5 26. Rxf4 Rc5 27. Rc4 Rcxd5 28. Rxd5 Rxd5 29. Nd3 g5 30. Kc1 Rf5 31. Kd2 Rf1 32. Ke2 Ra1 33. Rc8+ Kg7 34. Ra8 Rxa2 35. Nxb4 Ra1 36. Nd5 Be5 37. b4 Rg1 38. b5 Rxg2+ 39. Kd3 Rg1 40. Ne3 Rb1 41. c4 Kg6 42. Ke2 Rb2+ 43. Kd3 Rb3+ 44. Ke2 Bd4 45. Nd5 Rxh3 46. Rxa5 Rb3 47. Ra6 Bc5 48. Ra8 Kg7 49. Kd2 h3 50. Kc2 h2 51. Ra1 Rh3 52. Rh1 g4 53. b6 Bxb6 0-1

[Event "AUT-chT2W 2223"]
[Site "Austria"]
[Date "2022.09.24"]
[Round "2.2"]
[White "Mundorf, Johannes"]
[Black "Cafasso, Elia"]
[Result "1-0"]
[WhiteElo "2279"]
[BlackElo "2024"]
[PlyCount "67"]
[EventDate "2022.09.23"]
[EventType "team-tourn"]
[EventRounds "11"]
[EventCountry "AUT"]
[SourceTitle "CBM 210 Extra"]
[Source "ChessBase"]
[SourceDate "2022.11.30"]
[SourceVersion "1"]
[SourceVersionDate "2022.11.30"]
[SourceQuality "1"]
[WhiteTeam "Hohenems II"]
[BlackTeam "Dornbirn"]
[WhiteTeamCountry "AUT"]
[BlackTeamCountry "AUT"]

1. Nf3 Nf6 2. g3 d5 3. Bg2 c6 4. 0-0 Bg4 5. d4 e6 6. c4 Be7 7. Nc3 0-0 8. cxd5 exd5 9. Ne1 Qc8 10. Qb3 b5 11. a3 a5 12. f3 Bh3 13. e4 dxe4 14. fxe4 Qe6 15. d5 cxd5 16. exd5 Qb6+ 17. Kh1 Bxg2+ 18. Nxg2 Nbd7 19. Be3 Bc5 20. Bf4 Rae8 21. Rae1 Ng4 22. h3 Nf2+ 23. Kh2 Nd3 24. Rxe8 Rxe8 25. Nxb5 Nxf4 26. Rxf4 Bd6 27. Rf3 Ne5 28. Rf1 Nd7 29. a4 Re7 30. Qf3 Nc5 31. Ne3 Ne4 32. Nf5 Nd2 33. Nxe7+ Bxe7 34. Qxf7+ 1-0

[Event "AUT-ch U18"]
[Site "St Veit"]
[Date "2022.04.11"]
[Round "3"]
[White "Weichhart, Daniel"]
[Black "Cafasso, Elia"]
[Result "0-1"]
[WhiteElo "2022"]
[BlackElo "2069"]
[PlyCount "40"]
[EventDate "2022.04.10"]
[EventType "swiss"]
[EventRounds "7"]
[EventCountry "AUT"]
[SourceTitle "EXT 2023"]
[Source "ChessBase"]
[SourceDate "2022.10.05"]
[SourceVersion "1"]
[SourceVersionDate "2022.10.05"]
[SourceQuality "1"]

1. d4 Nf6 2. Nf3 e6 3. g3 d5 4. Bg2 Be7 5. c4 c6 6. 0-0 0-0 7. Nbd2 Nbd7 8. Qc2 b6 9. e4 dxe4 10. Nxe4 Bb7 11. Ne5 Nxe5 12. dxe5 Nxe4 13. Qxe4 Qc7 14. Be3 Rab8 15. c5 Bxc5 16. Bxc5 bxc5 17. Rfc1 Qb6 18. b3 Rfd8 19. Qc2 Rd4 20. Qxc5 Rd1+ 0-1

[Event "AUT-ch U18"]
[Site "St Veit"]
[Date "2022.04.10"]
[Round "1"]
[White "Pribozic, Manuel"]
[Black "Cafasso, Elia"]
[Result "0-1"]
[WhiteElo "1543"]
[BlackElo "2069"]
[PlyCount "78"]
[EventDate "2022.04.10"]
[EventType "swiss"]
[EventRounds "7"]
[EventCountry "AUT"]
[SourceTitle "EXT 2023"]
[Source "ChessBase"]
[SourceDate "2022.10.05"]
[SourceVersion "1"]
[SourceVersionDate "2022.10.05"]
[SourceQuality "1"]

1. e4 e5 2. Nf3 Nc6 3. d4 exd4 4. Bc4 Nf6 5. e5 d5 6. Bb5 Ne4 7. Nxd4 Bd7 8. Bxc6 bxc6 9. 0-0 Bc5 10. Be3 Bb6 11. f3 Ng5 12. f4 Ne4 13. Nd2 Nxd2 14. Qxd2 c5 15. Nb3 d4 16. Bf2 Bc6 17. c4 a5 18. a4 0-0 19. f5 f6 20. Bh4 Qe8 21. exf6 gxf6 22. Rae1 Qh5 23. Qf4 Rae8 24. Re6 Rxe6 25. Qg3+ Kf7 26. fxe6+ Kxe6 27. Qh3+ f5 28. Re1+ Kd7 29. Re7+ Kc8 30. Nxc5 Rg8 31. Bg3 Qxh3 32. gxh3 f4 33. Ne4 Bxe4 34. Rxe4 d3+ 35. Kf1 fxg3 36. hxg3 Rxg3 37. Rg4 Rxg4 38. hxg4 Be3 39. Ke1 c5 0-1

[Event "AUT-ch U18"]
[Site "St Veit"]
[Date "2021.10.27"]
[Round "4.5"]
[White "Hechl, Fabian"]
[Black "Cafasso, Elia"]
[Result "1-0"]
[WhiteElo "2113"]
[BlackElo "2031"]
[PlyCount "113"]
[EventDate "2021.10.25"]
[EventType "swiss"]
[EventRounds "7"]
[EventCountry "AUT"]
[SourceTitle "EXT 2023"]
[Source "ChessBase"]
[SourceDate "2022.10.05"]
[SourceVersion "1"]
[SourceVersionDate "2022.10.05"]
[SourceQuality "1"]

1. e4 e5 2. Nf3 Nc6 3. Nc3 Nf6 4. a3 d5 5. Bb5 d4 6. Ne2 Bd7 7. d3 Bd6 8. 0-0 0-0 9. c3 dxc3 10. bxc3 Ne7 11. Bc4 Ng6 12. Ng3 c5 13. a4 a6 14. Qb3 b5 15. axb5 axb5 16. Rxa8 Qxa8 17. Bxb5 Rb8 18. c4 Bxb5 19. cxb5 Qb7 20. Nf5 Bf8 21. Bb2 Qxb5 22. Qxb5 Rxb5 23. Bxe5 Nxe5 24. Nxe5 g6 25. Ne3 Bg7 26. N3c4 Rb8 27. g3 h5 28. Rc1 Ng4 29. Nxg4 hxg4 30. Ne3 Bd4 31. Nxg4 Rb2 32. Ne3 Rd2 33. Kf1 Rxd3 34. Ke2 Ra3 35. Rc2 Kg7 36. Nc4 Ra1 37. Nd2 Rh1 38. Nf3 Kf6 39. h4 Ke6 40. Nxd4+ cxd4 41. Kd3 g5 42. hxg5 Rh5 43. f4 Rh3 44. Rg2 Rh1 45. Kxd4 Rd1+ 46. Ke3 Ra1 47. Rd2 Rg1 48. Kf3 Rf1+ 49. Kg4 Re1 50. e5 Re3 51. Rd6+ Ke7 52. g6 fxg6 53. Rxg6 Kf7 54. Kf5 Ra3 55. e6+ Kf8 56. Kf6 Ra7 57. e7+ 1-0

[Event "AUT-ch U18"]
[Site "St Veit"]
[Date "2021.10.25"]
[Round "1.1"]
[White "Peyrer, Konstantin"]
[Black "Cafasso, Elia"]
[Result "1-0"]
[WhiteElo "2300"]
[BlackElo "2031"]
[PlyCount "45"]
[EventDate "2021.10.25"]
[EventType "swiss"]
[EventRounds "7"]
[EventCountry "AUT"]
[SourceTitle "EXT 2023"]
[Source "ChessBase"]
[SourceDate "2022.10.05"]
[SourceVersion "1"]
[SourceVersionDate "2022.10.05"]
[SourceQuality "1"]

1. c4 e6 2. Nf3 Nf6 3. b3 d5 4. Bb2 Be7 5. e3 0-0 6. Qc2 Nbd7 7. Nc3 c5 8. g4 dxc4 9. Bxc4 Nxg4 10. Ne4 Ngf6 11. Rg1 a6 12. Nfg5 g6 13. Nxe6 fxe6 14. Ng5 Qe8 15. Nxe6 Kh8 16. Nc7 Qd8 17. Nxa8 Nb8 18. Rxg6 hxg6 19. Qxg6 Bf5 20. Qxf5 Qd7 21. Qh5+ Kg7 22. Ke2 Qd8 23. Rg1# 1-0

[Event "AUT-chT2W 2122"]
[Site "Austria"]
[Date "2021.10.15"]
[Round "1.5"]
[White "Cafasso, Elia"]
[Black "Weidel, Albrecht"]
[Result "1-0"]
[WhiteElo "2031"]
[BlackElo "2167"]
[PlyCount "107"]
[EventDate "2021.10.15"]
[EventType "team-tourn"]
[EventRounds "11"]
[EventCountry "AUT"]
[SourceTitle "CBM 204 Extra"]
[Source "ChessBase"]
[SourceDate "2021.11.30"]
[SourceVersion "1"]
[SourceVersionDate "2021.11.30"]
[SourceQuality "1"]
[WhiteTeam "Hohenems II"]
[BlackTeam "Hoerbranz"]
[WhiteTeamCountry "AUT"]
[BlackTeamCountry "AUT"]

1. e4 e5 2. Nf3 Nc6 3. Bb5 a6 4. Ba4 Nf6 5. 0-0 Be7 6. Re1 b5 7. Bb3 d6 8. c3 0-0 9. h3 Na5 10. Bc2 c5 11. d4 Qc7 12. Nbd2 cxd4 13. cxd4 Bb7 14. Nf1 Rac8 15. Bd3 d5 16. dxe5 Nxe4 17. Be3 Nc4 18. Bd4 Bc5 19. Bxc5 Qxc5 20. Qe2 Rfe8 21. Rac1 Qe7 22. Ng3 Nxg3 23. fxg3 f6 24. exf6 Qc5+ 25. Qf2 Qxf2+ 26. Kxf2 gxf6 27. Bf5 Rxe1 28. Rxe1 Rc7 29. Re8+ Kg7 30. Nd4 Kf7 31. Rh8 Ke7 32. Rxh7+ Kd6 33. Rxc7 Kxc7 34. h4 Kd6 35. h5 Ne5 36. h6 Nf7 37. h7 Ke5 38. Bg6 Nh8 39. Nf3+ Kd6 40. Nh4 d4 41. Bd3 Bd5 42. Ng6 Nf7 43. Bb1 Kc5 44. h8Q Nxh8 45. Nxh8 a5 46. Ng6 b4 47. Nf4 Bf7 48. Ke2 a4 49. Kd2 a3 50. bxa3 bxa3 51. Nd3+ Kb5 52. Ne1 Ka4 53. Nc2 Bg6 54. Nxa3 1-0

[Event "Innsbruck op 5th"]
[Site "Innsbruck"]
[Date "2021.08.21"]
[Round "1"]
[White "Cafasso, Elia"]
[Black "Srienz, Christian"]
[Result "1/2-1/2"]
[WhiteElo "1887"]
[BlackElo "2182"]
[PlyCount "89"]
[EventDate "2021.08.21"]
[EventType "swiss"]
[EventRounds "9"]
[EventCountry "AUT"]
[SourceTitle "CBM 204 Extra"]
[Source "ChessBase"]
[SourceDate "2021.11.30"]
[SourceVersion "1"]
[SourceVersionDate "2021.11.30"]
[SourceQuality "1"]

1. e4 c6 2. d4 d5 3. Nc3 dxe4 4. Nxe4 Nf6 5. Qd3 Nbd7 6. Nf3 Nxe4 7. Qxe4 Nf6 8. Qd3 Qb6 9. c3 g6 10. Qc2 Bf5 11. Bd3 Bxd3 12. Qxd3 Bg7 13. 0-0 0-0 14. Re1 e6 15. Ne5 Rad8 16. Bg5 Rd5 17. Rad1 Nd7 18. Nxd7 Rxd7 19. Qe2 a6 20. h4 Re8 21. Rd3 Qa5 22. a3 Rd5 23. Rf3 Rf5 24. Rxf5 Qxf5 25. Qe4 Qb5 26. Qe2 Qb3 27. Qd2 Qb5 28. Qe2 Qd5 29. Qd2 Rc8 30. Qf4 Qb5 31. Qd2 Rc7 32. Qf4 Rc8 33. Qd2 a5 34. h5 Qf5 35. h6 Bf6 36. Bxf6 Qxf6 37. Re5 b6 38. Qe3 Rd8 39. Qe4 Rd6 40. c4 Qd8 41. g3 Rxd4 42. Qxc6 Qf8 43. Rxe6 Rd1+ 44. Kg2 fxe6 45. Qxe6+ 1/2-1/2

[Event "AUT-ch U16 Online Rapid"]
[Site "Playchess.com INT"]
[Date "2020.12.13"]
[Round "7"]
[White "Cafasso, Elia"]
[Black "Tumanyan, Gor"]
[Result "1-0"]
[WhiteElo "1970"]
[BlackElo "1634"]
[PlyCount "109"]
[EventDate "2020.12.13"]
[EventType "swiss (rapid)"]
[EventRounds "7"]
[EventCountry "AUT"]
[SourceTitle "EXT 2022"]
[Source "ChessBase"]
[SourceDate "2021.10.06"]
[SourceVersion "1"]
[SourceVersionDate "2021.10.06"]
[SourceQuality "1"]

1. e4 e6 2. d4 d5 3. Nc3 Nf6 4. e5 Nfd7 5. f4 c5 6. Nf3 Nc6 7. Be3 a6 8. Be2 Be7 9. 0-0 0-0 10. Qd2 cxd4 11. Nxd4 Nxd4 12. Bxd4 b5 13. Qe3 Qc7 14. f5 Bc5 15. fxe6 Bxd4 16. exf7+ Rxf7 17. Qxd4 Qxe5 18. Qxd5 Qxd5 19. Nxd5 Bb7 20. Rxf7 Kxf7 21. Rf1+ Nf6 22. Nxf6 gxf6 23. Bf3 Bxf3 24. Rxf3 Rc8 25. Rf2 Rd8 26. Re2 Rd1+ 27. Kf2 b4 28. a3 bxa3 29. bxa3 Rd4 30. Ke1 Kg6 31. Re3 Kf5 32. g3 Kg4 33. Re6 Ra4 34. Rxf6 h5 35. Rf4+ Rxf4 36. gxf4 Kxf4 37. Kf2 Ke4 38. Kg3 Kd4 39. Kh4 Kc3 40. Kxh5 Kxc2 41. Kg5 Kb3 42. h4 Kxa3 43. h5 a5 44. h6 a4 45. h7 Ka2 46. h8Q a3 47. Kf4 Kb1 48. Qh1+ Kb2 49. Qg2+ Kb1 50. Qf1+ Kb2 51. Qe2+ Kb1 52. Qd1+ Kb2 53. Qd2+ Ka1 54. Qc2 a2 55. Qc1# 1-0

[Event "AUT-chT District U18 Online Rapid"]
[Site "Playchess.com INT"]
[Date "2020.12.12"]
[Round "5"]
[White "Cafasso, Elia"]
[Black "Kuti, Oliver"]
[Result "1-0"]
[WhiteElo "1968"]
[BlackElo "1694"]
[PlyCount "157"]
[EventDate "2020.12.12"]
[EventType "team-swiss (rapid)"]
[EventRounds "9"]
[EventCountry "AUT"]
[SourceTitle "EXT 2022"]
[Source "ChessBase"]
[SourceDate "2021.10.06"]
[SourceVersion "1"]
[SourceVersionDate "2021.10.06"]
[SourceQuality "1"]

1. e4 e5 2. Nf3 Nc6 3. Bb5 a6 4. Ba4 Nf6 5. 0-0 Be7 6. Re1 b5 7. Bb3 d6 8. c3 0-0 9. d3 Na5 10. Bc2 c5 11. Nbd2 Nc6 12. Nf1 h6 13. Ng3 Qc7 14. h3 Re8 15. Be3 Be6 16. d4 cxd4 17. cxd4 exd4 18. Nxd4 Nxd4 19. Bxd4 Rac8 20. Rc1 Qb8 21. Qd3 Bc4 22. Qf3 Be6 23. e5 Nd7 24. exd6 Qxd6 25. Red1 Qb8 26. Nf5 Bxf5 27. Qxf5 Nf8 28. Bb3 Ne6 29. Bxe6 fxe6 30. Qxe6+ Kh7 31. Qf5+ Kh8 32. Qg6 Bf8 33. Rxc8 Qxc8 34. Qxh6+ Kg8 35. Qh5 Qc2 36. Be3 Re5 37. Qg4 Re4 38. Qf3 Re5 39. a3 Rf5 40. Qg4 Rf6 41. g3 Rg6 42. Qf3 Rf6 43. Qd5+ Kh8 44. Qh5+ Kg8 45. Rd8 Qb1+ 46. Kh2 Qxb2 47. Qd5+ Kh8 48. Bd4 Rxf2+ 49. Bxf2 Qxf2+ 50. Qg2 Qf6 51. Qd2 Kh7 52. Qd3+ Kh8 53. Rd5 Kg8 54. Rh5 Qb2+ 55. Kh1 Qc1+ 56. Kg2 Qb2+ 57. Kf3 Qf6+ 58. Rf5 Qc6+ 59. Qd5+ Qxd5+ 60. Rxd5 Bxa3 61. Rd8+ Kf7 62. Ra8 b4 63. Rxa6 Bb2 64. Rb6 Bc3 65. Kg4 Ke7 66. Kg5 Kf7 67. h4 Bf6+ 68. Kf5 Bc3 69. g4 Be1 70. h5 Bd2 71. Rb7+ Kf8 72. Kg6 Bc3 73. g5 Ke8 74. h6 gxh6 75. Kxh6 Kf8 76. g6 Bg7+ 77. Rxg7 b3 78. Rb7 b2 79. g7+ 1-0

[Event "AUT-ch U16 Online Blitz"]
[Site "Playchess.com INT"]
[Date "2020.12.11"]
[Round "6"]
[White "Cafasso, Elia"]
[Black "Strobl, Samuel"]
[Result "1/2-1/2"]
[WhiteElo "1990"]
[BlackElo "1801"]
[PlyCount "170"]
[EventDate "2020.12.11"]
[EventType "swiss (blitz)"]
[EventRounds "7"]
[EventCountry "AUT"]
[SourceTitle "EXT 2022"]
[Source "ChessBase"]
[SourceDate "2021.10.06"]
[SourceVersion "1"]
[SourceVersionDate "2021.10.06"]
[SourceQuality "1"]

1. e4 e6 2. d4 d5 3. Nc3 Nf6 4. e5 Nfd7 5. f4 c5 6. Nf3 b6 7. Be3 Ba6 8. Be2 Bxe2 9. Qxe2 Nc6 10. 0-0 Be7 11. Kh1 Qc7 12. Rac1 a6 13. Nb1 b5 14. c3 c4 15. g4 Nb6 16. f5 0-0-0 17. fxe6 fxe6 18. Bg5 Rdf8 19. Nbd2 h6 20. Bxe7 Nxe7 21. b3 Ng6 22. Rg1 Nf4 23. Qe3 g5 24. bxc4 Nxc4 25. Nxc4 Qxc4 26. Rc2 Qd3 27. Qxd3 Nxd3 28. Ne1 Nf2+ 29. Kg2 Nxg4 30. Re2 h5 31. Nd3 Rf7 32. Nc5 Rhf8 33. h3 Nf2 34. Nxe6 Re8 35. Nxg5 Rg8 36. Rxf2 Rxg5+ 37. Kf1 Rgf5 38. Rxf5 Rxf5+ 39. Ke2 Kb7 40. Rg6 Rf4 41. e6 Re4+ 42. Kd2 h4 43. Rh6 Kb6 44. e7+ Ka5 45. Rxh4 Rxe7 46. Rh5 Rd7 47. Kc2 Ka4 48. Kb2 b4 49. cxb4 Kxb4 50. Rh6 a5 51. Rc6 Rh7 52. Rc5 Rxh3 53. Rxd5 Rh2+ 54. Kb1 Kc3 55. Rc5+ Kxd4 56. Rxa5 Kc3 57. Rc5+ Kb4 58. Rc1 Rg2 59. Re1 Rh2 60. Ka1 Rg2 61. Rh1 Rf2 62. Rh3 Rf1+ 63. Kb2 Rf2+ 64. Kb1 Rf1+ 65. Kc2 Rf2+ 66. Kd3 Rxa2 67. Kd4 Rd2+ 68. Ke5 Re2+ 69. Kd6 Rd2+ 70. Kc6 Rc2+ 71. Kb6 Rc3 72. Rh4+ Rc4 73. Rh2 Rg4 74. Rb2+ Kc3 75. Ra2 Kb4 76. Rb2+ Kc3 77. Rh2 Kb4 78. Rh3 Rg6+ 79. Kc7 Kc5 80. Rh5+ Kc4 81. Ra5 Rg7+ 82. Kc6 Rg6+ 83. Kd7 Kb4 84. Ra1 Kc5 85. Rc1+ Kd5 1/2-1/2

[Event "Innsbruck op-B 3rd"]
[Site "Innsbruck"]
[Date "2019.08.29"]
[Round "7"]
[White "Vonach, Bernhard"]
[Black "Cafasso, Elia"]
[Result "1-0"]
[WhiteElo "1866"]
[BlackElo "1712"]
[PlyCount "47"]
[EventDate "2019.08.25"]
[EventType "swiss"]
[EventRounds "9"]
[EventCountry "AUT"]
[SourceTitle "EXT 2020"]
[Source "ChessBase"]
[SourceDate "2019.10.17"]
[SourceVersion "1"]
[SourceVersionDate "2019.10.17"]
[SourceQuality "1"]

1. Nf3 Nf6 2. b3 g6 3. Bb2 Bg7 4. g4 Nc6 5. g5 Nh5 6. Bxg7 Nxg7 7. d4 d5 8. Nc3 b6 9. Qd2 Ba6 10. 0-0-0 Qd6 11. Kb2 0-0-0 12. e4 Bxf1 13. Rhxf1 dxe4 14. Nxe4 Qd7 15. d5 Qf5 16. Qc3 Qxe4 17. dxc6 Ne6 18. Rfe1 Qg4 19. Ne5 Qf5 20. Qc4 Rd6 21. Qa6+ Kd8 22. Qxa7 Ke8 23. Rxd6 cxd6 24. Qb8+ 1-0